Paus yang berjasa

Bibliographic Details
Main Author: Ong, Johnny
Format: Book
Published: Kuala Lumpur : Federal Stationery & Pub , 1994
Series:Siri Membaca dan Berfikir 2
Subjects:

MARC

LEADER 00000cam a2200000 7i4500
001 0000001227
002 000001352
005 20000330.0
020 |a 9839753037 
090 0 0 |a JF   |b ONG 
100 1 |a Ong, Johnny 
245 1 0 |a Paus yang berjasa   |c Johnny Ong dan Sulaiman Zakaria 
260 |a Kuala Lumpur :   |b Federal Stationery & Pub ,   |c 1994 
300 |a 23p. :   |b ill. ;   |c 22cm. 
490 0 |a Siri Membaca dan Berfikir 2 
650 0 0 |a Children's stories, Malay 
999 |a 032577   |b BUKU   |c PINJAMAN   |e PERPUSTAKAAN KOMUNITI PETALING JAYA 
999 |a 032578   |b BUKU   |c PINJAMAN   |e PERPUSTAKAAN KOMUNITI PETALING JAYA